000 00895cam a2200301 a 4500
999 _c5018
_d5018
001 5018
003 BD-JhCC
005 20171207091254.0
008 850703s1985 nyuaf 101 0aeng
020 _a0688058825 :
_c$17.95
035 _a(BD-JhCC) 5018
040 _aDLC
_cDLC
_dDLC
041 _aeng
050 0 0 _aGV742.42.U32
_bA3 1985
082 0 0 _a796/.092/4
_a796.0924
_219
_bUEB 1985
100 1 _aUeberroth, Peter.
245 1 0 _aMade in America :
_bhis own story /
_cPeter Ueberroth, with Richard Levin and Amy Quinn.
250 _a1st ed.
260 _aNew York :
_bW. Morrow,
_cc1985.
300 _a401 p., [4] p. of plates :
_bill. (some col.) ;
_c24 cm.
500 _aIncludes index.
600 1 0 _aUeberroth, Peter.
650 0 _aSports promoters
_zUnited States
_vBiography.
700 1 _aLevin, Rich,
_d1943-
700 1 _aQuinn, Amy.
942 _2ddc
_cBK